00560cam a22002051 4500001001300000003000400013005001700017008004100034010001700075035002000092040003200112042001200144050001800156082001100174100004100185245005900226260003500285300001900320999001500339af 47002244 DLC20260227110813.0890401s1941 gw 000 1 ger c aaf 47002244  a(OCoLC)19485960 aYale Univ. LibrarycCUdDLC apremarc00aPT2603.Y4bG4 a833.911 aByern, Heinz Alfred von,d1885-1940.14aDer Geheimnisvolle;cRoman von Heinz Alfred von Byern. aMùˆnchen,bF.C. Mayer,c1941. a134 p.c20 cm. c1628d1628